000 00789cam a2200265 a 4500
001 000010884
005 20200929162318.0
008 940906s1980 mx a 000 0 spa
020 _a9681500989
035 _a(DLC) 94205179
040 _aDO-SdBNP
_bspa
_cDLC
_dBNPHU
100 1 _aCarbajal, P. A.
_926247
245 1 0 _aPlantas que curan y matan /
_cArias Carbajal.
250 _a3a ed.
260 _aMéxico :
_bMexicanos Unidos,
_c1980.
300 _a286 p. :
_bil. ;
_c19 cm.
490 1 _aSalud y Naturismo
650 4 _aMateria médica vegetal
_921555
650 0 _aBotánica médica
_921557
740 0 _aPlantas que curan y plantas que matan.
830 0 _aSalud y Naturismo
_926248
910 _aCatalogación derivada
082 0 0 _a581.634
_bC263p, 1980
049 _aBNGR
999 _c10629
_d10629